Statistics for North American Countries That Have Never Made the World Cup

Click here to take the quiz!

General Stats

  • This quiz has been taken 35 times
  • The average score is 16 of 23

Answer Stats

Country% Correct
Dominica
96%
St. Kitts and Nevis
96%
Bahamas
92%
Dominican Republic
92%
St. Vincent / Grenadines
92%
Antigua and Barbuda
88%
Barbados
88%
Nicaragua
88%
Guatemala
83%
Belize
79%
Grenada
79%
Aruba
67%
Curaçao
63%
Puerto Rico
63%
Bermuda
58%
Anguilla
54%
Cayman Islands
54%
US Virgin Islands
54%
Montserrat
50%
Turks and Caicos Islands
46%
British Virgin Islands
42%
Guyana
38%
Suriname
33%

Score Distribution

Percentile by Number Answered

Percent of People with Each Score

Your Score History

You have not taken this quiz